Propuesta de implementación de sistema de información gerencial para la gestión de eventos, alquileres y servicios para la empresa Alquiler Santana
Presenta la implementación de sistema de información gerencial para la gestión de eventos, alquileres y servicios para la empresa Alquiler Santana el proceso involucra almacenar, analizar y clasificar el cúmulo de información que proceden las inserciones de datos generadas por los usuarios enca...
| Main Authors: | , |
|---|---|
| Other Authors: | |
| Format: | Tesis Section = Libro |
| Language: | Undetermined Spanish |
| Published: |
Managua
UNI
2019
|
| Subjects: |
| LEADER | 01240nam a2200265Ia 4500 | ||
|---|---|---|---|
| 008 | 240830s9999 xx 000 0 und d | ||
| 040 | |a BIBLIOTECA-RUSB/ Mon 005.74 G993 | ||
| 041 | |a spa | ||
| 082 | |a Mon 005.74 G993 | ||
| 100 | 1 | |a Guzmán Vílchez, Felipe Genaro | |
| 100 | 1 | |b Valverde Varela, Kevin Antonio | |
| 245 | 1 | 0 | |a Propuesta de implementación de sistema de información gerencial para la gestión de eventos, alquileres y servicios para la empresa Alquiler Santana |
| 260 | |a Managua |b UNI |c 2019 | ||
| 300 | |a 90 p. :il. | ||
| 500 | |a Contiene: anexos y CD. | ||
| 502 | |a Tesis (Ingeniero en Computación) - UNI, 2019. | ||
| 520 | 3 | |a Presenta la implementación de sistema de información gerencial para la gestión de eventos, alquileres y servicios para la empresa Alquiler Santana el proceso involucra almacenar, analizar y clasificar el cúmulo de información que proceden las inserciones de datos generadas por los usuarios encargados de registrar los mismos. | |
| 650 | 7 | |a DESARROLLO WEB | |
| 650 | 7 | |b INGENIERIA DE SOFTWARE | |
| 650 | 7 | |c LENGUAJE DE PROGRAMACION | |
| 650 | 7 | |d PLATAFORMA GERENCIAL | |
| 700 | 1 | |a Tutor: |b Chávez Mairena, Luis Eduardo | |
| 942 | |c BK |2 ddc | ||
| 991 | |a TESIS | ||
| 999 | |c 19791 | ||